000 00372nam a2200145Ia 4500
008 230917s9999||||xx |||||||||||||| ||und||
040 _e58664
_aMAIN
041 _aEnglish
082 _a380.1 L64T
100 _aLinder, Staffan Burenstam
245 0 _aTrade and trade policy for development
260 _aLondon
_bPall Mall
_c1967
300 _axi, 179 p.
942 _cBK
999 _c192307
_d192307